000
00392nam a22001697a 4500
003
MPLRDC
005
20220104124142.0
008
210129b ||||| |||| 00| 0 eng d
082
_a
420 ZXW-2
100
_a
张小汶编
245
_a
家庭最佳拍档
_c
250
_a
一版一刷
260
_a
_b
广东旅游出版社
_c
1988
300
_b
平
650
_a
942
_c
BK
_o
420 ZXW-2
999
_c
17043
_d
17033